Joueurs.ses français.es - Tennis de table (ping pong) - Statistiques

Statistiques générales
  • Ce quiz a été pris 272 fois
    269 depuis la dernière actualisation
  • Le résultat moyen est 12 sur 17
Answers on the Grid
Answers color-coded by a green-red scale on the quiz's grid according to % correct below.
Bastien REMBERT
Adrien RASSENFOSSE
Flavien COTON
Mathieu DE SAINTILAN
WANG Chuqin
Félix LEBRUN
Marcos FREITAS
Nina GUO ZHENG
Iulian CHIRITA
Yuta TANAKA
Prithika PAVADE
FAN Siqi
Charlotte LUTZ
Luka MLADENOVIC
Camille LUTZ
Simon GAUZY
Hugo CALDERANO
Jia Nan YUAN
Alexis LEBRUN
Thibault PORET
Nathan LAM
Annett KAUFMANN
Jules ROLLAND
Pauline CHASSELIN
Maria XIAO
Tomokazu HARIMOTO
Jocelyn LAM
Quadri ARUNA
Miwa HARIMOTO
Romain RUIZ
WANG Manyu
Anaïs SALPIN
 
Statistiques - réponses
Réponse % Correct
Félix LEBRUN
92%
Flavien COTON
88%
Alexis LEBRUN
84%
Simon GAUZY
83%
Camille LUTZ
76%
Charlotte LUTZ
76%
Thibault PORET
76%
Bastien REMBERT
73%
Jules ROLLAND
73%
Prithika PAVADE
73%
Pauline CHASSELIN
66%
Jia Nan YUAN
64%
Mathieu DE SAINTILAN
63%
Romain RUIZ
62%
Nathan LAM
58%
Anaïs SALPIN
57%
Nina GUO ZHENG
50%
Aucun quiz correspondant
Distribution des résultats
% des personnes avec chaque résultat
Percentile par nombre de réponses
Votre historique - résultats
Vous n’avez pas pris ce quiz depuis la dernière actualisation